| 000 | 01438nas a2200265 454500 | ||
|---|---|---|---|
| 001 | 28996 | ||
| 005 | 20260407193507.0 | ||
| 008 | 260407s2012####ag###########|||spa#d | ||
| 003 | AR-UNSa-BCEJYS | ||
| 040 |
_aAR-UNSa-BCEJYS _bspa _cAR-UNSa-BCEJYS |
||
| 080 |
_a34 _xDerecho |
||
| 245 | 1 | 0 | _aPensar en derecho |
| 022 | _a2314-0186 | ||
| 264 | 1 |
_aBuenos Aires : _bEUDEBA (Editorial Universitaria de Buenos Aires) _c2012 |
|
| 310 | _aFrecuencia: irregular | ||
| 520 | _aConvoca a docentes, profesores e investigadores de la Facultad de Derecho a presentar artículos inéditos. Deben ser trabajos de investigación en el campo de las ciencias jurídicas o afines que respondan a criterios de relevancia social, innovación teórica, claridad conceptual, rigor metodológico y construcción de fuentes fiables. La revista está animada por el propósito de generar un espacio de debate académico que permita dar a conocer cuáles son algunos de los principales temas de preocupación de la comunidad académica de la Facultad de Derecho de la Universidad de Buenos Aires. | ||
| 041 | _aspa | ||
| 942 | _cSER | ||
| 590 | _aniveau_biblio:s niveau_hierar:1 | ||
| 100 | 1 | _aUniversidad de Buenos Aires. Facultad de Derecho | |
| 650 | _aDerecho constitucional | ||
| 650 | _aDerecho | ||
| 650 | _aDERECHO COMERCIAL | ||
| 856 | 4 | 1 |
_uhttps://biblioeco.unsa.edu.ar/pmb/images/revistas/Pensar en Derecho-r13996.jpg _yImagen de portada _qimage/jpeg |
| 999 |
_c8663 _d8663 |
||